Enjoy Origami Paper Folding 3. / (Record no. 12099)
[ view plain ]
| 000 -LEADER | |
|---|---|
| fixed length control field | 00527nam a22001817a 4500 |
| 003 - CONTROL NUMBER IDENTIFIER | |
| control field | OSt |
| 005 - DATE AND TIME OF LATEST TRANSACTION | |
| control field | 20140310182338.0 |
| 008 - FIXED-LENGTH DATA ELEMENTS--GENERAL INFORMATION | |
| fixed length control field | 130925t xxu||||| |||| 00| 0 eng d |
| 020 ## - INTERNATIONAL STANDARD BOOK NUMBER | |
| International Standard Book Number | 8178132915 |
| 050 ## - LIBRARY OF CONGRESS CALL NUMBER | |
| Classification number | TT 870.3 |
| Item number | .Or40 v.3 |
| 100 ## - MAIN ENTRY--PERSONAL NAME | |
| Personal name | Zherebtsova Elena Sergeevna |
| 9 (RLIN) | 21649 |
| 245 ## - TITLE STATEMENT | |
| Title | Enjoy Origami Paper Folding 3. / |
| Statement of responsibility, etc | Zherebtsova Elena Sergeevna. |
| 260 ## - PUBLICATION, DISTRIBUTION, ETC. (IMPRINT) | |
| Name of publisher, distributor, etc | Sunrise Publishers. |
| 300 ## - PHYSICAL DESCRIPTION | |
| Extent | 16 p. : |
| Other physical details | ill. col. ; |
| Dimensions | 28 cm. |
| 651 ## - SUBJECT ADDED ENTRY--GEOGRAPHIC NAME | |
| Geographic name | paper folding |
| General subdivision | origami |
| 9 (RLIN) | 21650 |
| 942 ## - ADDED ENTRY ELEMENTS (KOHA) | |
| Source of classification or shelving scheme | Library of Congress Classification |
| Koha item type | |
| Withdrawn status | Lost status | Source of classification or shelving scheme | Damaged status | Home library | Current library | Shelving location | Date acquired | Total Checkouts | Full call number | Barcode | Date last seen | Date checked out | Copy number | Price effective from | Koha item type |
|---|---|---|---|---|---|---|---|---|---|---|---|---|---|---|---|
| Library of Congress Classification | Luxembourg Library | Luxembourg Library | Grade School Section | 09/25/2013 | 1 | TT 870.3 .Or40 v.3 | 19509 | 05/22/2015 | 05/18/2015 | 1 | 09/25/2013 | Books |